Bilecik Bilecik Bilecik Bilecik Bilecik

İliada : (Record no. 15972)

MARC details
000 -BAŞLIK
Sabit Uzunluktaki Kontrol Alanı 00969nam a22003137a 4500
001 - KONTROL NUMARASI
Control Dosyası 0016010
003 - KONTROL NUMARASI KİMLİĞİ
Kontrol Alanı KOHA_MİRAKIL
005 - EN SON İŞLEM TARİHİ ve ZAMANI
Kontrol Alanı 20260207002050.0
007 - FİZİKSEL TANIM SABİT ALAN - GENEL BİLGİ
Sabit uzunluklu kontrol alanı ta
008 - SABİT UZUNLUKTAKİ VERİ ÖGELERİ - GENEL BİLGİ
Sabit Alan 100408b1971 tu |||gr||||#||||1|tur |
040 ## - KATALOGLAMA KAYNAĞI
Özgün Kataloglama Kurumu TR-BiSEU
Kataloglama Dili tur
Çeviri Kurumu TR-BiSEU
Açıklama Kuralları rda
041 0# - DİL KODU
Metin ya da ses kaydının dil kodu tur
044 ## - YAYINLAYAN/ÜRETEN KURULUŞUN ÜLKE KODU
ISO country code tu
050 ## - SINIFLAMA ve YER NUMARASI
Sınıflama Numarası PA4019.A2
Yer Numarası I49 1971
100 0# - KİŞİ ADI
Yazar Adı (Kişi adı) Homeros.
245 1# - ESER ADI BİLDİRİMİ
Başlık İliada :
Alt Eseradı vb. ilias destanı/
Sorumluluk Bildirimi Homeros ; Homeros; çeviren Ahmet Cevat Emre.
264 #1 - ÜRERİM, YAYIN, DAĞITIM ve TELİF BİLDİRİMİ
Yayın yeri İstanbul :
Yayınlayan Varlık Yayınevi
Yayın tarihi 1971
300 ## - FİZİKSEL TANIMLAMA
Sayfa, Cilt vb. 428 sayfa; 19 cm.
336 ## - İÇERİK TÜRÜ
Content type term metin
Content type code txt
Source rdacontent
337 ## - MEDYA TÜRÜ
Media type term aracısız
Media type code n
Source rdamedia
338 ## - TAŞIYICI TÜRÜ
Carrier type term cilt
Carrier type code nc
Source rdacarrier
490 1# - DİZİ BİLDİRİMİ
Dizi Bildirimi Varlık yayınları ;
Cilt Numarası sayı: 1623.
490 1# - DİZİ BİLDİRİMİ
Dizi Bildirimi Büyük eserler kitaplığı ;
Cilt Numarası 5.
650 #0 - KONU BAŞLIĞI EK GİRİŞ - KONU TERİMİ
Konusal terim veya coğrafi ad Greek literature.
9 (RLIN) 15247
650 #0 - KONU BAŞLIĞI EK GİRİŞ - KONU TERİMİ
Konusal terim veya coğrafi ad Yunan edebiyatı.
9 (RLIN) 34538
830 1# - SERİ EK GİRİŞİ - TEKBİÇİM ESER ADI
Tekbiçim Başlık Varlık yayınları ;
Volume number/sequential designation sayı: 1623.
9 (RLIN) 28794
830 1# - SERİ EK GİRİŞİ - TEKBİÇİM ESER ADI
Tekbiçim Başlık Büyük eserler kitaplığı ;
Volume number/sequential designation 5.
9 (RLIN) 37184
942 ## - EK GİRİŞ ÖGELERİ (KOHA)
Source of classification or shelving scheme Library of Congress Classification
Koha item type Book
Holdings
Materyal Türü Kalıcı Konum Mevcut Konum Raf Yeri Sınıflandırma Kaynağı Edinim Bilgisi Ana Konular Alt Konular Yer Numarası Demirbaş Numarası Fatura Tarihi Maliyet, Alış Fiyatı Maliyet, Yenileme Fiyatı Geri Çekilme Durumu Kayıp Durumu Hasarlı Durumu Kredi için değil Kayıt Tarih Toplam Ödünçverme Son Görülme Tarihi Son Kontrol Tarihi Genel / Bağış Notu
Book Prof. Dr. Azmi Özcan Kütüphanesi Prof. Dr. Azmi Özcan Kütüphanesi Birûni Salonu Library of Congress Classification Bağış DİL VE EDEBİYAT Yunan Dili ve Edebiyatı, Latin Dili ve Edebiyatı PA4019.A2 I49 1971 0016010 13/08/2010 2.00 2.00         08/04/2010 7 05/12/2024 05/12/2024 Genel Bağış